000 02067cam a2200517 a 4500
001 21687
003 VRT
005 20260309092155.0
006 g b s vl
008 240314s2009 xo a b 000 j slo
015 _aSNBA2009/09-04729
020 _a9788055119656
_q(viaz.)
_z978805519656
035 _a70ADBC1A-E431-456D-BC04-8B0A3E16EBE5
035 _aurn:nbn:sk:snk-amjvzh
035 _aurn:nbn:sk:snk-am007xof
039 9 _a202403140831
_bVLOAD
_c201511121648
_dVLOAD
_c201507071559
_dVLOAD
_c201507071559
_dVLOAD
040 _aPOKPOH
_bslo
_cPOKPOH
_dSNK
_eAACR2
041 1 _aslo
_heng
_hcze
044 _axo
_cSK
072 7 _a821-93
_xLiteratúra pre deti a mládež
_2konspekt
080 _a821-93
_22001
080 _a(0:82-32)
_22001
100 1 _aBřezinová, Ivona,
_d1964-
_4aut
245 1 0 _aĽadový medvedík
_c[podľa anglickej predlohy] prerozprávala Ivona Březinová ; [text Kathleen Duey ; ilustrácie Lara Gurin ; z češtiny preložil Peter Mitter]
250 _a[1. vyd.]
260 _aBratislava
_bIkar
_c2009
300 _a31 s.
_bfareb. ilustr.
_c25 cm
_e1 DVD
490 1 _aJa a moja rodina
655 7 _apublikácie pre deti
_2SNKPH
655 7 _apríbehy
_2SNKPH
655 7 _aChildren's literature
_2SNKPHeng
655 7 _aStories
_2SNKPHeng
700 1 _aDuey, Kathleen
_4aut
700 1 _aGurin, Lara
_4ill
700 1 _aMitter, Peter
_4trl
830 0 _aJa a moja rodina
942 _2ddc
_cKLDE
_n0
949 _617A0627127
_asnkSB 78074
_bsnk2009/13608
_o929/09
_qPríloha: 1 DVD
_rPríloha: 1 DVD
_s6100:20140925
949 _617A0627122
_asnkSB 78074 D1
_bsnk2009/13609
_o929/09
_qPríloha: 1 DVD
_rPríloha: 1 DVD
949 _617A0627128
_asnkSB 78074/príl.
_bsnk2009/13608
_pPríloha
_qPríloha: 1 DVD
_rPríloha: 1 DVD
949 _617A0627123
_asnkSB 78074/príl. D1
_bsnk2009/13609
_pPríloha
_qPríloha: 1 DVD
_rPríloha: 1 DVD
949 _6273K0506231
_asvkpoC 49638
_bsvkpo515576
_qPríl.: 1 DVD
_rPríl.: 1 DVD
949 _63869A19174
_abpksh821-93
_bbpksh57760
980 _a821.162.4-34
980 _a821-93
999 _c21687
_d21687